| 000 | 00537nam a2200157Ia 4500 | ||
|---|---|---|---|
| 008 | 170221s9999 xx 000 0 und d | ||
| 100 | _aNorman C. H. Wong | ||
| 245 | _aReactance and Public Health Messages: The Unintended Dangers of Anti-tobacco PSAs | ||
| 245 | _cNorman C. H. Wong, Kylie J. Harrison, Lindsey A. Harvell | ||
| 260 | _bStudies in Media and Communication | ||
| 260 | _c2012 | ||
| 300 | _a10 : | ||
| 650 | _xCommunication | ||
| 650 | _xMedia Arts | ||
| 856 | _uhttp://redfame.com/journal/index.php/smc/issue/view/43 | ||
| 999 |
_c308993 _d308993 |
||